| 000 | 00546cam a2200145 4500500 | ||
|---|---|---|---|
| 005 | 20250921004004.0 | ||
| 041 | _afre | ||
| 042 | _adc | ||
| 100 | 1 | 0 |
_aBarnier, Martin _eauthor |
| 245 | 0 | 0 | _aGeneviève Sellier, Le Cinéma des midinettes. Cinémonde, ses potineuses et ses potineurs (1946-1967) |
| 260 | _c2024. | ||
| 500 | _a32 | ||
| 786 | 0 | _nQuestions de communication | o 45 | 1 | 2024-11-07 | p. 461-461 | 1633-5961 | |
| 856 | 4 | 1 | _uhttps://shs.cairn.info/journal-questions-de-communication-2024-1-page-461?lang=en&redirect-ssocas=7080 |
| 999 |
_c1507108 _d1507108 |
||